000 00880nam a2200301Ia 4500
001 34193
003 IT-RoPAU
008 130308s9999 xx 000 0 und d
040 _aIT-RoPAU
040 _cIT-RoPAU
041 _aINGLESE
100 _aBarthes Roland
100 _gCodice Aut. SPICS: 9514
245 _aIntroduction to the Structural Analysis of Narratives
245 _bCulture, Ideology And Social Process
250 _a1a ed.
260 _aMILTON KEYNES
260 _bOpen University Press
260 _c1983 [1° Ed.:1981 - Ed.Ling.Originale:1981]
300 _a"20 p. (prefazione: no ; testo: 20 [pagine: 165-184])"
500 _aIntroduzione All'Analisi Strutturale della Narrazione Linguaggio della Narrativa
650 _aSOCIOLOGIA
650 _eCodice materia Spics: 3651
942 _cBK
957 _71
999 _c42604
_d42604
999 _bSI
999 _g1